Влияние скорости подачи и состояния поверхности сварочной проволоки на механический износ контактных наконечников; Инновационные технологии и экономика в машиностроении

Detaylı Bibliyografya
Parent link:Инновационные технологии и экономика в машиностроении.— 2008.— С. 31-34
Yazar: Колмогоров Д. Е. Дмитрий Евгеньевич
Dil:Rusça
Baskı/Yayın Bilgisi: 2008
Konular:
Materyal Türü: MixedMaterials Kitap Bölümü
KOHA link:https://koha.lib.tpu.ru/cgi-bin/koha/opac-detail.pl?biblionumber=161146

MARC

LEADER 00000naa2a2200000 4500
001 161146
005 20231101222232.0
035 |a (RuTPU)RU\TPU\book\174757 
090 |a 161146 
100 |a 20090604d2008 k y0rusy50 ca 
101 0 |a rus 
102 |a RU 
200 1 |a Влияние скорости подачи и состояния поверхности сварочной проволоки на механический износ контактных наконечников  |f Д. Е. Колмогоров 
320 |a Библиогр.: 2 назв. 
463 0 |0 (RuTPU)RU\TPU\book\164827  |t Инновационные технологии и экономика в машиностроении  |o труды VI Всероссийской научно-практической конференции с международным участием, 15-16 мая 2008 года, Юрга  |f Томский политехнический университет (ТПУ), Юргинский технологический институт (ЮТИ)  |v С. 31-34  |d 2008  |p 479 с. 
610 1 |a сварочная проволока 
610 1 |a износ 
610 1 |a контактные наконечники 
610 1 |a скорость подачи 
610 1 |a труды учёных ТПУ 
700 1 |a Колмогоров  |b Д. Е.  |c специалист в области сварочного производства  |c доцент Юргинского технологического института (филиала) Томского политехнического университета, кандидат технических наук  |f 1979-  |g Дмитрий Евгеньевич  |2 stltpush  |3 (RuTPU)RU\TPU\pers\24206  |9 10702 
801 1 |a RU  |b 63413507  |c 20090604  |g PSBO 
801 2 |a RU  |b 63413507  |c 20151103  |g RCR 
942 |c BK